banner-ar

لمن هذه الذيول ؟ نظرة الى ذيول الحيوانات : لها حفيف 000 تتلوى 000 تهتز 000 لها خشخشة / (Record no. 9867)

MARC details
000 -الفاتح
حقل البيانات ثابتة الطول 00950nam a2200277Ia 4500
008 - عناصر البيانات ثابتة الطول - معلومات عامة
حقل البيانات ثابتة الطول 140319s9999 xx 000 0 ara d
020 ## - الرقم الدولى المعيارى للكتب
الرقم الدولى المعيارى للكتاب 3916270977
040 ## - مصدر الفهرسة
وكالة الفهرسة الأصلية GCL /
وكالة النسخ GCL
082 04 - رقم تصنيف ديوى العشرى
رقم التصنيف ط
رقم المادة 590
-- د ل
100 1# - المدخل الرئيسى - إسم شخصى
الإسم الشخصى زكريا القاضى
245 10 - بيان العنوان
العنوان لمن هذه الذيول ؟ نظرة الى ذيول الحيوانات : لها حفيف 000 تتلوى 000 تهتز 000 لها خشخشة /
بيان المسئوليه,etc زكريا القاضى
700 1# - المدخل الاضافى - اسم شخصى
الإسم الشخصى نورهان رشاد
700 1# - المدخل الاضافى - اسم شخصى
الإسم الشخصى هول، بيج
700 1# - المدخل الاضافى - اسم شخصى
الإسم الشخصى لاندمارك، كين
250 ## - بيان الطبعة
بيان الطبعة الاولى
260 ## - PUBLICATION, DISTRIBUTION, ETC. (IMPRINT)
تاريخ النشر أو التوزيع 2005
300 ## - الوصف المادى
التعداد 24 ص ؛
أبعاد الوعاء 20 سم
490 ## - بيان السلسلة
عنوان السلسلة لمن هذه ؟
رقم المجلد/ التعيين التسلسلي 0
650 04 - المدخل الاضافى بالموضوع-مصطلح موضوعى
مصطلح موضوعي الثقافة
650 04 - المدخل الاضافى بالموضوع-مصطلح موضوعى
مصطلح موضوعي المعرفة
650 04 - المدخل الاضافى بالموضوع-مصطلح موضوعى
مصطلح موضوعي كتب الاطفال
650 04 - المدخل الاضافى بالموضوع-مصطلح موضوعى
مصطلح موضوعي الحيوانات - انواع
650 04 - المدخل الاضافى بالموضوع-مصطلح موضوعى
مصطلح موضوعي الذيول - انواع
942 ## - عناصر المدخل الإضافي( كوها)
مصدر التصنيف او مخطط الترفيف Dewey Decimal Classification
Koha [default] item type كتاب
260 ## - PUBLICATION, DISTRIBUTION, ETC. (IMPRINT)
-- القاهرة :
-- الدار المصرية اللبنانية ،
Holdings
حالة التراجع حالة الفقد حالة تلف ليس للاعارة المكان المؤقت الموقع الحالى تاريخ الاكتساب اجمالي اﻻعارات رقم الطلب الباركود تاريخ اخر مشاهدة تاريخ تفعيل السعر نوع وعاء كوها
        مكتبة القاهرة الكبرى مكتبة القاهرة الكبرى 03/26/2014   ط\590\د ل 20361 03/26/2014 03/26/2014 كتاب
        مكتبة القاهرة الكبرى مكتبة القاهرة الكبرى 03/26/2014   ط\590\د ل 20362 03/26/2014 03/26/2014 كتاب

Powered By

EGPV